| 000 | 02421nam a2200361 a 4500 | ||
|---|---|---|---|
| 001 | ebr10392774 | ||
| 003 | CaPaEBR | ||
| 006 | m u | ||
| 007 | cr cn||||||||| | ||
| 008 | 030819s2003 enka sb 001 0 eng | ||
| 010 | _z 2003272739 | ||
| 020 | _z0761969071 | ||
| 020 | _z076196908X (pbk.) | ||
| 020 | _z9780761969075 | ||
| 020 | _z9780857026460 (e-book) | ||
| 040 |
_aCaPaEBR _cCaPaEBR |
||
| 035 | _a(OCoLC)650075672 | ||
| 050 | 1 | 4 |
_aHD30.3 _b.M348 2003eb |
| 082 | 0 | 4 |
_a658.4 _221 |
| 245 | 0 | 0 |
_aManagement and language _h[electronic resource] : _bthe manager as a practical author / _c[edited by] David Holman and Richard Thorpe. |
| 246 | 1 | 4 | _aManagement & language |
| 260 |
_aLondon ; _aThousand Oaks : _bSAGE, _c2003. |
||
| 300 |
_ax, 196 p. : _bill. |
||
| 504 | _aIncludes bibliographical references and indexes. | ||
| 505 | 0 | 0 |
_gIntroduction: _tManagement and language : the manager as a practical author / _rDavid J. Holman, _rRichard Thorpe -- _tManagers as practical authors : everyday conversations for action / _rJohn Shotter, Ann L. Cunliffe -- _tUsing narrative and telling stories / _rDavid M. Boje -- _tFull of characters : identity and talk in practical authoring / _rDavid J. Holman, _rJeff Gold, _rRichard Thorpe -- Visual media and the construction of meaning / _rRichard Thorpe, _rJoep Cornelisson -- _gThe _tleader as a practical narrator : leadership as the art of translating / _rFrancois Cooren, _rGail T. Fairhurst -- _gThe _tlogic of message design in organisational argument / _rShirley Willihnganz, _rJoy L. Hart, _rCharles A. Willard -- _tAuthoring as a collaborative process thought communication / _rStanley Deetz -- _tConversations and the authoring of change / _rJeffrey D. Ford, _rLaurie W. Ford -- _tAll in a knot of one anothers' labours : action learning as joint practical authoring/ _rMike Pedler -- _gA _tcritical conversation between author managers and management authors / _rDorothy Lander, _rCraig Prichard. |
| 533 |
_aElectronic reproduction. _bPalo Alto, Calif. : _cebrary, _d2013. _nAvailable via World Wide Web. _nAccess may be limited to ebrary affiliated libraries. |
||
| 650 | 0 | _aManagement. | |
| 655 | 7 |
_aElectronic books. _2local |
|
| 700 | 1 |
_aHolman, David _q(David J.) |
|
| 700 | 1 |
_aThorpe, Richard, _d1951- |
|
| 710 | 2 | _aebrary, Inc. | |
| 856 | 4 | 0 |
_uhttp://site.ebrary.com/lib/rucke/Doc?id=10392774 _zAn electronic book accessible through the World Wide Web; click to view |
| 999 |
_c89034 _d89034 |
||